[Event "Indywidualne Mistrzostwa Polski do lat 20"]
[Site "Pokrzywna"]
[Date "1899-12-30"]
[Round "7.27"]
[White "Bojczewski, Mateusz"]
[Black "Kocierz, Pawel"]
[Result "1-0"]
[WhiteTitle "I+"]
[BlackTitle "II"]
[WhiteElo "1960"]
[BlackElo "1701"]

1. e4 c5 2. Nf3 g6 3. d4 cxd4 4. Nxd4 Bg7 5. Nc3 Nc6 6. Be3 Nf6 7. Nxc6 bxc6 8.
e5 Ng8 9. Bd4 f6 10. Qe2 Qc7 11. f4 fxe5 12. Bxe5 Bxe5 13. fxe5 Nh6 14. O-O-O
Nf7 15. e6 dxe6 16. Qe1 O-O 17. Bc4 Qf4+ 18. Kb1 Qxc4 19. b3 Qc5 20. Ne4 Qe5 21.
Rf1 Nd6 22. Rxf8+ Kxf8 23. Qf1+ Qf5 24. Nxd6 exd6 25. Qc4 Qc5 26. Qh4 Ba6 27.
Qf6+ Kg8 28. Qxe6+ Kg7 29. Rxd6 Rf8 30. Qe7+ Rf7 31. Rxg6+ 1-0

[Event "Indywidualne Mistrzostwa Polski do lat 20"]
[Site "Pokrzywna"]
[Date "1899-12-30"]
[Round "7.28"]
[White "Haliniak, Wojciech"]
[Black "Suska, Szymon"]
[Result "0-1"]
[WhiteTitle "I"]
[BlackTitle "I"]
[WhiteElo "1764"]
[BlackElo "1548"]

1. e4 c5 2. Nc3 Nc6 3. f4 g6 4. Nf3 Bg7 5. Bc4 e6 6. f5 Nge7 7. fxg6 hxg6 8. d3
d5 9. Bb3 Na5 10. O-O Nxb3 11. axb3 Nc6 12. exd5 exd5 13. Qe1+ Be6 14. Ng5 Bd4+
15. Kh1 Qe7 16. Nxe6 fxe6 17. Qg3 O-O-O 18. Bg5 Rxh2+ 19. Qxh2 Qxg5 20. Rf7 Be5
21. Qh3 Nd4 22. Re1 Nf5 23. Rxf5 gxf5 24. Rxe5 Qc1+ 25. Nd1 Qxd1+ 26. Kh2 Re8
27. c4 Qc1 28. Qe3 Rh8+ 29. Kg3 f4+ 30. Kxf4 Qf1+ 31. Kg3 Rg8+ 32. Rg5 Rxg5+ 33.
Qxg5 Qxd3+ 34. Kh2 Qxb3 35. Qg8+ Kd7 36. Qf7+ Kd6 37. Qf8+ Ke5 38. Qxc5 Qxc4 39.
Qe3+ Qe4 40. Qg5+ Qf5 41. Qg7+ Kd6 42. Qxb7 Qf4+ 43. Kh3 Qe3+ 44. g3 Qb6 45. Qa8
d4 46. Qf8+ Kd5 47. Qf3+ Kc4 48. Qe2+ Kb3 49. g4 Qd6 50. g5 e5 51. Kh4 d3 52.
Qd2 Qd4+ 53. Kh5 Qe4 54. Kh6 Qe2 55. Qc3+ Ka2 56. g6 d2 57. g7 Qh2+ 58. Kg6 Qg2+
59. Kh7 Qe4+ 60. Kg8 d1=Q 61. Qa5+ Qda4 0-1

[Event "Indywidualne Mistrzostwa Polski do lat 20"]
[Site "Pokrzywna"]
[Date "1899-12-30"]
[Round "7.29"]
[White "Klim, Juliusz"]
[Black "Karolczuk, Iwo"]
[Result "0-1"]
[WhiteTitle "II"]
[BlackTitle "k"]
[WhiteElo "1292"]
[BlackElo "2065"]

1. e4 c5 2. Nf3 e6 3. d4 cxd4 4. Nxd4 a6 5. c4 Nf6 6. Nc3 Qc7 7. Be2 Bb4 8. O-O
Bxc3 9. bxc3 Nxe4 10. Bf3 Nc5 11. Ba3 d6 12. Nb3 Nbd7 13. Qd4 e5 14. Qd2 Nb6 15.
Bxc5 dxc5 16. Rfe1 Be6 17. Qg5 f6 18. Bh5+ Kf8 19. Qe3 Rc8 20. f4 Nxc4 21. Qf3
Qc6 22. fxe5 Nxe5 23. Qf1 Ke7 24. Rab1 b5 25. Rbd1 Rhd8 26. Nd4 cxd4 27. cxd4
Qb6 28. Qf2 Rc4 29. dxe5 Qxf2+ 30. Kxf2 Rc2+ 31. Kg3 Rxd1 32. exf6+ Kxf6 33. Bxd1
Rc3+ 34. Bf3 Bxa2 35. Ra1 Rc2 36. Be4 Rb2 37. Kf4 b4 38. Rc1 g5+ 39. Ke3 a5 40.
Rc6+ Kg7 41. Rc7+ Kf8 42. Ra7 Bb1 43. Bxb1 Rxb1 44. Rxa5 b3 45. Rb5 Kf7 46. Kf3
h6 47. Kg4 Rb2 48. Rb7+ Ke6 49. Rb6+ Ke5 50. Kg3 Kd4 51. Rxh6 Rd2 52. Rb6 Kc3
53. Rc6+ Kd3 54. Rb6 Kc2 55. Kf3 b2 56. Rc6+ Kd1 57. Rb6 Kc1 58. g3 Rxh2 59. Kg4
Rg2 60. Rc6+ Rc2 61. Rb6 Rc5 0-1

[Event "Indywidualne Mistrzostwa Polski do lat 20"]
[Site "Pokrzywna"]
[Date "1899-12-30"]
[Round "7.30"]
[White "Wasik, Mateusz"]
[Black "Liskiewicz, Jakub"]
[Result "1-0"]
[WhiteTitle "I"]
[BlackTitle "I"]
[WhiteElo "1765"]
[BlackElo "1504"]

1. e4 d6 2. d4 Nf6 3. Nc3 g6 4. Nf3 Bg7 5. Be3 O-O 6. Qd2 c6 7. O-O-O b5 8. Bd3
Ng4 9. Bg5 b4 10. Nb1 c5 11. h3 Nf6 12. e5 c4 13. exf6 exf6 14. Bxc4 d5 15. Bb3
fxg5 16. Qxg5 Qxg5+ 17. Nxg5 Bb7 18. f4 Rc8 19. Rhe1 Kf8 20. Nxh7+ Kg8 21. Ng5
Bf6 22. Nd2 a5 23. Ba4 Bc6 24. Bxc6 Nxc6 25. Ndf3 Ra7 26. Kb1 Rac7 27. g4 Na7
28. Rd2 Nb5 29. Ne5 Bxg5 30. fxg5 Rc4 31. Nxc4 Rxc4 32. Re8+ Kg7 33. Ra8 Nxd4
34. Rxa5 Nf3 35. Rdxd5 Re4 36. Rd1 Re2 37. Rb5 Nd4 38. Rxb4 Nxc2 39. Rb7 Ne3 40.
Rh1 1-0

[Event "Indywidualne Mistrzostwa Polski do lat 20"]
[Site "Pokrzywna"]
[Date "1899-12-30"]
[Round "7.31"]
[White "Ochedzan, Filip"]
[Black "Zimny, Jakub"]
[Result "0-1"]
[WhiteTitle "II"]
[BlackTitle "II+"]
[WhiteElo "1617"]
[BlackElo "1569"]

1. e4 c5 2. Nf3 e6 3. d4 cxd4 4. Nxd4 Nc6 5. Nc3 Bb4 6. Nxc6 bxc6 7. Bd2 d5 8.
a3 Bd6 9. exd5 cxd5 10. Bd3 Ne7 11. O-O O-O 12. Kh1 Rb8 13. Rb1 e5 14. f3 Bd7
15. Re1 Bc6 16. b4 f5 17. Bg5 h6 18. Bxe7 Qxe7 19. Qe2 e4 20. Bb5 Qe5 21. f4 Qxc3
22. Bxc6 Qxc6 23. Qd2 Be7 24. Rbd1 Rfd8 25. Re3 d4 26. Rg3 Bf6 27. Rg6 Qc3 28.
Qf2 Rbc8 29. Rg1 Qe3 30. Qf1 Kh7 31. Rg3 Qd2 32. c4 dxc3 33. Qb5 Qd5 34. Qe2 c2
35. Qh5 c1=Q 36. Qg6+ Kh8 37. Rh3 Qxg1+ 38. Kxg1 Rc1+ 39. Kf2 Qd2+ 40. Kg3 Qe3#
0-1

[Event "Indywidualne Mistrzostwa Polski do lat 20"]
[Site "Pokrzywna"]
[Date "1899-12-30"]
[Round "7.32"]
[White "Dalkowski, Rafal"]
[Black "Jaworski, Tymon"]
[Result "0-1"]
[WhiteTitle "I"]
[BlackTitle "I"]
[WhiteElo "1871"]
[BlackElo "1510"]

1. d4 Nf6 2. c4 e6 3. Nf3 Bb4+ 4. Bd2 Qe7 5. Qc2 b6 6. e4 Bb7 7. Bd3 Bxd2+ 8. Nbxd2
d6 9. e5 dxe5 10. dxe5 Nfd7 11. Be4 Nc6 12. Qa4 Nd8 13. O-O O-O 14. Qc2 h6 15.
Qc3 Bxe4 16. Nxe4 Nc6 17. a3 a5 18. Ng3 Nc5 19. Qe3 Rad8 20. Nh5 Qd7 21. Nf4 Qe7
22. g4 Rd7 23. Rfd1 Rfd8 24. Rxd7 Rxd7 25. h4 g6 26. Kh2 Kh7 27. Qc3 a4 28. h5
g5 29. Ng2 Kg8 30. Ne3 Rd3 31. Qc2 Qd7 32. Qc1 Nb3 33. Qb1 Nxa1 34. Qxa1 Nd4 35.
Qh1 Qc6 36. Nd5 0-1

[Event "Indywidualne Mistrzostwa Polski do lat 20"]
[Site "Pokrzywna"]
[Date "1899-12-30"]
[Round "7.33"]
[White "Rosa, Antoni"]
[Black "Topola, Rafal"]
[Result "1/2-1/2"]
[WhiteTitle "I"]
[BlackTitle "I"]
[WhiteElo "1416"]
[BlackElo "1827"]

1. c4 e6 2. Nc3 d5 3. d4 Nf6 4. Bg5 Be7 5. e3 O-O 6. Nf3 h6 7. Bh4 b6 8. Bd3 Bb7
9. O-O Nbd7 10. Qe2 dxc4 11. Bxc4 Ne4 12. Bxe7 Qxe7 13. Nxe4 Bxe4 14. Bd3 Bxd3
15. Qxd3 c5 16. Rfd1 Rfd8 17. Qe2 Rac8 18. Rac1 Nf6 19. dxc5 Rxd1+ 20. Qxd1 Rxc5
21. Rxc5 Qxc5 22. h3 Nd5 23. Qd4 Qc1+ 24. Kh2 Qc2 25. Nd2 Nf6 26. f4 Nd5 27. Kg1
a5 28. a3 b5 29. Kf1 b4 30. axb4 Nxb4 31. Ke2 Qc6 32. Qe4 Qb5+ 33. Qc4 Qb7 34.
Qe4 Nd5 35. Qd4 Qb5+ 36. Kf2 Nb4 37. Nc4 Nc6 38. Qc3 Qd5 39. Nb6 Qe4 40. Qc4 Qxc4
41. Nxc4 1/2-1/2

[Event "Indywidualne Mistrzostwa Polski do lat 20"]
[Site "Pokrzywna"]
[Date "1899-12-30"]
[Round "7.34"]
[White "Stachecki, Mikolaj"]
[Black "Durzynski, Jan"]
[Result "1-0"]
[WhiteTitle "I+"]
[BlackTitle "II+"]
[WhiteElo "1822"]
[BlackElo "1266"]

1. e4 c5 2. Nf3 e6 3. d4 cxd4 4. Nxd4 a6 5. Bd3 Nf6 6. O-O d6 7. c4 Nc6 8. Nxc6
bxc6 9. b3 Be7 10. Bb2 O-O 11. f4 d5 12. Qf3 dxc4 13. Bxc4 Qb6+ 14. Kh1 Bb7 15.
Nd2 c5 16. Qg3 Rfd8 17. Bd3 Qd6 18. Rf3 Qd7 19. Qh3 h6 20. Rg3 a5 21. Qxh6 g6
22. Rh3 Nh5 23. Qh8# 1-0

[Event "Indywidualne Mistrzostwa Polski do lat 20"]
[Site "Pokrzywna"]
[Date "1899-12-30"]
[Round "7.35"]
[White "Kowalczyk, Jakub"]
[Black "Bochenek, Ryszard"]
[Result "0-1"]
[WhiteTitle "II"]
[BlackTitle "II"]
[WhiteElo "1200"]
[BlackElo "1445"]

1. e4 c5 2. Nf3 Nc6 3. d4 cxd4 4. Nxd4 e5 5. Nb5 d6 6. N1c3 a6 7. Na3 Be7 8. Nd5
Nf6 9. Nxf6+ Bxf6 10. Be3 O-O 11. c4 Bg5 12. Bxg5 Qxg5 13. Nc2 Qg6 14. Qd3 f5
15. exf5 Bxf5 16. Qd5+ Be6 17. Qd2 Qf7 18. b3 d5 19. Ne3 d4 20. Nd1 e4 21. a3
d3 22. Qe3 Rad8 23. Qd2 Nd4 24. Ra2 Nc2+ 25. Rxc2 dxc2 26. Qxc2 Rxd1+ 27. Kxd1
Qxf2 28. Qxf2 Rxf2 29. g3 Bg4+ 30. Ke1 e3 31. h3 Bf3 32. Rg1 Ra2 0-1

[Event "Indywidualne Mistrzostwa Polski do lat 20"]
[Site "Pokrzywna"]
[Date "1899-12-30"]
[Round "7.36"]
[White "Krawczyk, Eryk"]
[Black "Boryna, Szymon"]
[Result "0-1"]
[WhiteTitle "III"]
[BlackTitle "II"]
[WhiteElo "1233"]
[BlackElo "1107"]

1. d4 d5 2. c4 e6 3. Nc3 Nf6 4. Bg5 Be7 5. Nf3 O-O 6. e3 h6 7. Bh4 b6 8. Be2 Bb7
9. O-O Nbd7 10. Qb3 dxc4 11. Qxc4 Rc8 12. Qb3 c5 13. Rfd1 cxd4 14. Rxd4 Nd5 15.
Bxe7 Qxe7 16. Nxd5 Bxd5 17. Qd1 Nf6 18. a3 Rfd8 19. Qe1 Rc7 20. Rc1 Rdc8 21. Rxc7
Rxc7 22. Qd1 Qc5 23. Rd2 Ne4 24. Rd4 Qc2 25. b4 Qxd1+ 26. Rxd1 Nc3 27. Re1 Nxe2+
28. Rxe2 Bxf3 29. gxf3 Rc1+ 30. Kg2 Ra1 31. Rc2 Rxa3 32. Rc8+ Kh7 33. Rc7 Kg6
34. Kg3 Ra4 35. b5 Ra5 36. e4 Rxb5 37. Rxa7 Rb1 38. Kg2 b5 39. Rb7 Kf6 40. f4
Kg6 41. Kf3 b4 42. Rb5 b3 43. Ke2 b2 44. Kd3 Rd1+ 45. Kc2 Rf1 46. Rxb2 Rxf2+ 47.
Kc3 Rxb2 48. Kxb2 Kh5 49. Kc3 Kg4 50. Kd3 Kxf4 51. h4 Kg4 52. Ke3 e5 53. h5 f5
54. exf5 Kxf5 55. Kf3 Kg5 56. Ke4 Kxh5 57. Kxe5 Kg4 0-1

[Event "Indywidualne Mistrzostwa Polski do lat 20"]
[Site "Pokrzywna"]
[Date "1899-12-30"]
[Round "8.1"]
[White "Teclaf, Pawel"]
[Black "Kosakowski, Jakub"]
[Result "1-0"]
[WhiteTitle "IM"]
[BlackTitle "IM"]
[WhiteElo "2477"]
[BlackElo "2431"]

1. Nf3 Nf6 2. b3 g6 3. Bb2 Bg7 4. g3 O-O 5. Bg2 d6 6. d4 e5 7. dxe5 Nfd7 8. O-O
Nc6 9. Qd2 dxe5 10. Rd1 h6 11. e4 Re8 12. Nc3 b6 13. Qd5 Ndb8 14. Qxd8 Nxd8 15.
Nb5 Na6 16. Bxe5 Bb7 17. Bxg7 Kxg7 18. Nfd4 Re7 19. f3 c5 20. Ne2 Ne6 21. Rd2
Bc6 22. Nbc3 Rd7 23. Rxd7 Bxd7 24. Rd1 Bc6 25. Rd6 Rc8 26. Bh3 Nb4 27. Nf4 Nxc2
28. Bxe6 fxe6 29. Rxe6 b5 30. Rxg6+ Kh7 31. Rd6 a5 32. Ncd5 Bxd5 33. Nxd5 c4 34.
Rd7+ 1-0

[Event "Indywidualne Mistrzostwa Polski do lat 20"]
[Site "Pokrzywna"]
[Date "1899-12-30"]
[Round "8.2"]
[White "Niedbala, Bartlomiej"]
[Black "Fus, Jakub"]
[Result "1/2-1/2"]
[WhiteTitle "FM"]
[BlackTitle "FM"]
[WhiteElo "2348"]
[BlackElo "2401"]

1. d4 e6 2. c4 Nf6 3. Nc3 d5 4. cxd5 exd5 5. Bg5 c6 6. e3 Bd6 7. Bd3 Nbd7 8. Nf3
Nf8 9. O-O Ne6 10. Bh4 g6 11. b4 a6 12. Na4 O-O 13. Nc5 Ng7 14. Rc1 Be7 15. a4
Nd7 16. Bxe7 Qxe7 17. b5 Nxc5 18. Rxc5 Ne6 19. Rc3 axb5 20. axb5 c5 21. dxc5 Nxc5
22. Nd4 b6 23. Be2 Bb7 24. Bf3 Qd6 25. h3 Rfc8 26. Rc1 Rc7 27. Ra1 Rac8 28. Bg4
Rd8 29. Qe2 Ne4 30. Qb2 Nc5 31. Rfd1 Nd7 32. Bxd7 Rdxd7 33. Rd3 Rc5 34. Rad1 Qf6
35. Qa3 Kg7 36. Qa1 Rdc7 37. Ra3 Bc8 38. Ra7 Bd7 39. Ra8 Rc8 40. Rxc8 Rxc8 41.
Qa7 Be8 42. Qa3 Rc5 43. Rc1 Qd6 44. Rxc5 bxc5 45. Nb3 Bxb5 46. Qxc5 Qxc5 47. Nxc5
Kf6 48. Nb3 Ke5 49. Nd4 Bd7 50. Nf3+ Kf6 51. Kf1 Bb5+ 52. Ke1 h6 53. Nd4 Ba6 54.
h4 Ke5 55. Kd2 Bc4 56. g3 Ba6 57. Kc3 Kd6 58. f4 Bc8 59. Nf3 f6 60. Kd4 Bf5 61.
Nh2 h5 62. Nf3 Bg4 63. Nd2 Bf5 64. Nb3 Be6 65. Nc5 Bc8 66. Nd3 Bf5 67. Nc1 Bg4
68. Na2 Bf5 69. Nc3 Be6 70. Nb1 Bf5 71. Nd2 Bg4 72. Nb3 Bf5 73. Kc3 Bb1 74. Kb4
Bc2 75. Nd4 Bd3 76. Kc3 Be4 77. Kb4 1/2-1/2

[Event "Indywidualne Mistrzostwa Polski do lat 20"]
[Site "Pokrzywna"]
[Date "1899-12-30"]
[Round "8.3"]
[White "Czernek, Tymon"]
[Black "Janik, Igor"]
[Result "0-1"]
[WhiteTitle "FM"]
[BlackTitle "IM"]
[WhiteElo "2359"]
[BlackElo "2489"]

1. e4 c5 2. Nf3 Nc6 3. Bb5 g6 4. O-O Bg7 5. c3 Nf6 6. Re1 O-O 7. h3 Qb6 8. Ba4
Rd8 9. a3 c4 10. e5 Ne8 11. b3 d5 12. d4 cxd3 13. Qxd3 Bf5 14. Qd1 Be4 15. Bf4
Bxf3 16. Qxf3 Nc7 17. Nd2 Ne6 18. Rad1 Qa5 19. Bxc6 bxc6 20. a4 Rab8 21. b4 Qa6
22. g3 c5 23. bxc5 Qxa4 24. Ra1 Qd7 25. Ra5 Rdc8 26. c4 dxc4 27. Nxc4 Qd4 28.
Re4 Qd5 29. Ne3 Qc6 30. Ng4 Nd4 31. Qe3 Rb1+ 32. Kg2 Nb3 33. Qd3 Rb2 34. Ra6 Qa8
35. Be3 Nxc5 36. Bxc5 Rxc5 37. Qd4 h5 38. Qxb2 Qxe4+ 39. f3 Rc2+ 40. Nf2 Rxb2
41. fxe4 Bxe5 42. Kf3 Rb3+ 0-1

[Event "Indywidualne Mistrzostwa Polski do lat 20"]
[Site "Pokrzywna"]
[Date "1899-12-30"]
[Round "8.4"]
[White "Psyk, Radoslaw"]
[Black "Szpar, Milosz"]
[Result "1/2-1/2"]
[WhiteTitle "k++"]
[BlackTitle "FM"]
[WhiteElo "2375"]
[BlackElo "2449"]

1. e4 e6 2. Qe2 c5 3. Nf3 Nc6 4. g3 Nge7 5. Bg2 d5 6. d3 b6 7. O-O Bb7 8. Re1 d4
9. a4 Ng6 10. h4 e5 11. h5 Nge7 12. Nh4 g6 13. Bh3 Ng8 14. Nd2 Nf6 15. hxg6 hxg6
16. Ndf3 Nh5 17. a5 b5 18. a6 Bc8 19. Bxc8 Rxc8 20. Kg2 Qd7 21. Rh1 Be7 22. Bd2
Bf6 23. Rh2 Nb4 24. Bxb4 cxb4 25. Qd2 Qd6 26. Rah1 Qxa6 27. Nf5 gxf5 28. Rxh5
Rxh5 29. Rxh5 fxe4 30. dxe4 Qd6 31. Rh6 Qe7 32. Qd3 a6 33. Nh2 Rc6 34. Ng4 Re6
35. Qb3 Bg7 36. Rh7 Rg6 37. Nh2 Qc5 38. Qd3 a5 39. Nf3 Kf8 40. Nh4 Rh6 41. Rxh6
Bxh6 42. Nf5 Bg5 43. Qe2 Qc6 44. Qg4 Bf6 45. Nh6 Bg7 46. Nf5 Bf6 47. Nh6 1/2-1/2

[Event "Indywidualne Mistrzostwa Polski do lat 20"]
[Site "Pokrzywna"]
[Date "1899-12-30"]
[Round "8.5"]
[White "Mis, Mieszko"]
[Black "Pacan-milej, Kosma"]
[Result "1/2-1/2"]
[WhiteTitle "FM"]
[BlackTitle "FM"]
[WhiteElo "2358"]
[BlackElo "2423"]

1. d4 d6 2. e4 Nf6 3. Nc3 e5 4. Nge2 Nbd7 5. f3 g6 6. Be3 Bg7 7. Qd2 O-O 8. O-O-O
a6 9. Bh6 b5 10. h4 b4 11. Bxg7 Kxg7 12. Na4 h5 13. Qxb4 a5 14. Qd2 exd4 15. Qxd4
Rb8 16. Nac3 Ne5 17. Nf4 Be6 18. Be2 Rb4 19. Qa7 Nc6 20. Qe3 Qb8 21. Nd3 Rb6 22.
b3 Re8 23. g4 Nb4 24. gxh5 Nxh5 25. f4 Rc6 26. Kb2 Nf6 27. Ne1 a4 28. h5 axb3
29. cxb3 Nxa2 30. Nb5 Nc3 31. h6+ Kh7 32. Qd4 Nxd1+ 33. Bxd1 Qxb5 34. Qxf6 Rg8
35. Nf3 g5 36. Nxg5+ Rxg5 37. fxg5 Qe5+ 38. Qxe5 dxe5 39. Bh5 Rb6 40. Rf1 Bxb3
41. Kc3 Kg8 42. Rf5 Be6 43. Rxe5 Rb3+ 44. Kd4 Rg3 45. Rc5 Kh7 46. Rxc7 Rxg5 47.
Bxf7 Bxf7 48. Rxf7+ Kxh6 49. e5 Rg1 50. Kd5 Kg6 51. Ke6 Ra1 52. Rd7 Ra6+ 53. Rd6
Ra7 54. Rb6 Kg7 55. Rb1 Ra6+ 56. Kd7 Ra7+ 57. Kc6 Ra6+ 58. Kd7 Ra7+ 59. Ke6 Ra6+
60. Kf5 Kf7 61. Rb7+ Ke8 62. Rh7 Rb6 63. e6 Rb1 64. Rh4 Rf1+ 65. Rf4 Rxf4+ 66.
Kxf4 Ke7 67. Kf5 Ke8 68. Ke5 Ke7 69. Kd5 Ke8 70. Kd6 Kd8 71. e7+ Ke8 72. Ke6 1/2-1/2

[Event "Indywidualne Mistrzostwa Polski do lat 20"]
[Site "Pokrzywna"]
[Date "1899-12-30"]
[Round "8.6"]
[White "Chylewski, Patryk"]
[Black "Kozak, Antoni"]
[Result "1-0"]
[WhiteTitle "FM"]
[BlackTitle "m"]
[WhiteElo "2330"]
[BlackElo "2375"]

1. d4 d5 2. c4 e6 3. Nc3 c6 4. e3 Nf6 5. Nf3 Nbd7 6. Be2 dxc4 7. Bxc4 b5 8. Bd3
Bb7 9. e4 b4 10. Na4 c5 11. e5 Nd5 12. Nxc5 Nxc5 13. dxc5 Bxc5 14. Bb5+ Kf8 15.
Bd3 h6 16. O-O g5 17. Qe2 g4 18. Ne1 h5 19. Kh1 h4 20. Qxg4 h3 21. Bg5 Be7 22.
Bd2 Ne3 23. Bxe3 hxg2+ 24. Nxg2 Qxd3 25. f3 Rc8 26. Rf2 Rc4 27. Bf4 Qh7 28. Rg1
Bc5 29. Qg5 Ke8 30. Rd2 Be7 31. Qg3 Rc2 32. Rgd1 Rxd2 33. Rxd2 Rg8 34. Qf2 Qb1+
35. Qe1 Qxa2 36. Qe2 Qa6 37. Qf2 b3 38. h4 Qa5 39. Qd4 Bc6 40. h5 f6 41. Qd3 f5
42. Qxb3 Bd5 43. Qe3 Bc5 44. Qe2 Qa1+ 45. Rd1 Qa4 46. Rc1 Qb3 47. Rxc5 Bxf3 48.
Rc8+ Kd7 49. Qxf3 Qxf3 50. Rxg8 Qxh5+ 51. Kg1 a5 52. Rb8 Kc7 53. Rb5 a4 54. Rc5+
Kb6 55. Be3 Kb7 56. Rb5+ Kc7 57. Kf2 Qd1 58. Nf4 Qc2+ 59. Kg3 Qe4 60. Kf2 Qc2+
61. Ke1 Qe4 62. Kd2 Kc6 63. Rb6+ Kd7 64. Rd6+ Kc8 65. Nd3 Qg2+ 66. Kc3 Qe2 67.
Bf4 Qd1 68. Kd4 Qb3 69. Rc6+ Kd8 70. Bg5+ Ke8 71. Rd6 Kf7 72. Bf4 Kg6 73. Bd2
Kf7 74. Be3 Qd1 75. Bf4 Qb3 76. Ke3 Kg6 77. Kd2 Kh5 78. Be3 Kg4 79. Rd4+ Kf3 80.
Rf4+ Kg3 81. Rb4 Qa2 82. Kc3 Kf3 83. Bc5 Qa1 84. Kc2 Ke2 85. Nc1+ Kf3 86. Rc4
Kg2 87. Rc3 f4 88. Ra3 Kf1 89. Rxa1 Ke1 90. Nd3+ Ke2 91. Nxf4+ Kf3 92. Nxe6 Ke2
93. Ng5 a3 94. b4 a2 95. Ne4 Kf3 96. e6 Ke2 97. e7 Kf3 98. e8=Q Ke2 99. Nc3+ Kf3
100. Rf1+ Kg2 101. Rf2+ Kg1 102. Qe1# 1-0

[Event "Indywidualne Mistrzostwa Polski do lat 20"]
[Site "Pokrzywna"]
[Date "1899-12-30"]
[Round "8.7"]
[White "Klimkowski, Jan"]
[Black "Kowalski, Igor"]
[Result "1/2-1/2"]
[WhiteTitle "FM"]
[BlackTitle "FM"]
[WhiteElo "2305"]
[BlackElo "2355"]

1. e4 e5 2. Nf3 Nc6 3. Bb5 a6 4. Ba4 d6 5. c3 Bd7 6. O-O g6 7. d4 Bg7 8. d5 Nce7
9. Bxd7+ Qxd7 10. c4 Nf6 11. Nc3 O-O 12. Ne1 c5 13. dxc6 bxc6 14. Bg5 Qe6 15.
Qf3 h6 16. Bxf6 Bxf6 17. Rd1 Bg7 18. c5 Nc8 19. Nd3 Qe7 20. cxd6 Nxd6 21. Na4
Nb5 22. Ndc5 Nd4 23. Qd3 Rfd8 24. Qc4 Qh4 25. Rfe1 Qg4 26. h3 Qg5 27. Rd3 a5 28.
Nb3 Qf6 29. Nxd4 Rxd4 30. Rxd4 exd4 31. Nc5 Qf4 32. Nd3 Qd2 33. e5 c5 34. Kf1
Kh7 35. Re2 Qd1+ 36. Re1 Qd2 37. Re2 Qd1+ 38. Re1 1/2-1/2

[Event "Indywidualne Mistrzostwa Polski do lat 20"]
[Site "Pokrzywna"]
[Date "1899-12-30"]
[Round "8.8"]
[White "Sernecki, Franciszek"]
[Black "Godzwon, Iwo"]
[Result "0-1"]
[WhiteTitle "FM"]
[BlackTitle "FM"]
[WhiteElo "2266"]
[BlackElo "2347"]

1. d4 Nf6 2. c4 g6 3. Nc3 d5 4. Nf3 Bg7 5. Bf4 O-O 6. Rc1 Be6 7. e3 dxc4 8. Ng5
Bd5 9. e4 h6 10. exd5 hxg5 11. Bxg5 Nxd5 12. Bxc4 Nb6 13. Bb3 Nc6 14. Be3 Nxd4
15. h4 Nxb3 16. Qxb3 Bxc3+ 17. Qxc3 Nd5 18. Qc4 Nxe3 19. fxe3 c6 20. h5 Qa5+ 21.
Kf1 Qd5 22. Qg4 Qd3+ 23. Kf2 Qd2+ 24. Kf3 Qxb2 25. Rc5 Qf6+ 26. Ke2 Rad8 27. Rg5
Qb2+ 28. Kf3 Rd2 29. Qg3 Qf6+ 30. Kg4 Rd5 0-1

[Event "Indywidualne Mistrzostwa Polski do lat 20"]
[Site "Pokrzywna"]
[Date "1899-12-30"]
[Round "8.9"]
[White "Ochedzan, Tymon"]
[Black "Baum, Jonasz"]
[Result "1-0"]
[WhiteTitle "CM"]
[BlackTitle "IM"]
[WhiteElo "2246"]
[BlackElo "2308"]

1. e4 c5 2. Nf3 Nf6 3. e5 Nd5 4. Nc3 Nxc3 5. dxc3 Nc6 6. Bf4 e6 7. Qd2 Qc7 8. O-O-O
h6 9. g4 b6 10. Bg2 Bb7 11. Bg3 Be7 12. Kb1 O-O-O 13. h4 Na5 14. Qf4 Rhf8 15.
Rhe1 f6 16. Qe3 f5 17. gxf5 Rxf5 18. Bh1 Nc4 19. Qe2 Rdf8 20. Nh2 Na5 21. Rd2
R5f7 22. Ng4 Bxh1 23. Rxh1 Qb7 24. Rhd1 Bd8 25. Ne3 Bc7 26. Qg4 b5 27. h5 Nc6
28. f4 c4 29. f5 exf5 30. Nxf5 Rxf5 31. Rxd7 Nb8 32. e6 Nxd7 33. exd7+ Kd8 34.
Bh4+ Rg5 35. Bxg5+ hxg5 36. Qxg5+ Rf6 37. Qe3 Rf8 38. Re1 Be5 39. Qxe5 Qxd7 40.
Qb8+ 1-0

[Event "Indywidualne Mistrzostwa Polski do lat 20"]
[Site "Pokrzywna"]
[Date "1899-12-30"]
[Round "8.10"]
[White "Karpus, Michal"]
[Black "Kokoszczynski, Jan"]
[Result "1-0"]
[WhiteTitle "FM"]
[BlackTitle "FM"]
[WhiteElo "2311"]
[BlackElo "2221"]

1. e4 c6 2. d4 d5 3. Nc3 dxe4 4. Nxe4 Bf5 5. Ng3 Bg6 6. h4 h6 7. Nf3 Nd7 8. h5
Bh7 9. Bd3 Bxd3 10. Qxd3 e6 11. Bd2 Ngf6 12. O-O-O a5 13. Kb1 Bb4 14. c3 Be7 15.
Ne4 Nxe4 16. Qxe4 Nf6 17. Qe2 Qd5 18. Be3 a4 19. a3 O-O 20. Ne5 Qe4+ 21. Ka1 Nd5
22. Qd2 Nxe3 23. fxe3 Rad8 24. Qf2 Bg5 25. Rh3 c5 26. Rf3 f6 27. Nd3 b6 28. Qf1
Rf7 29. Nf2 Qc2 30. Rc1 Qb3 31. c4 cxd4 32. exd4 Bxc1 33. Rxb3 axb3 34. Qxc1 Rxd4
35. Qe3 Rxc4 36. Qxb3 Rc6 37. Nd3 Rd7 38. Nf4 Kf7 39. Qg3 Rd2 40. Qe1 Rcd6 41.
Qe4 R2d4 42. Qb7+ Rd7 43. Qc8 f5 44. Ng6 Kf6 45. Qf8+ Rf7 46. Qb8 Re4 47. Qd8+
1-0

[Event "Indywidualne Mistrzostwa Polski do lat 20"]
[Site "Pokrzywna"]
[Date "1899-12-30"]
[Round "8.11"]
[White "Golecki, Jan"]
[Black "Seemann, Jakub"]
[Result "1/2-1/2"]
[WhiteTitle "k"]
[BlackTitle "FM"]
[WhiteElo "2162"]
[BlackElo "2306"]

1. d4 Nf6 2. Nf3 g6 3. e3 Bg7 4. b3 O-O 5. Bb2 d6 6. Be2 Nbd7 7. c4 e5 8. Nc3 exd4
9. Nxd4 Nc5 10. Qc2 Ne6 11. Nf3 a5 12. Rd1 Nc5 13. O-O Bf5 14. Qc1 Re8 15. Qa1
a4 16. Nd5 Nxd5 17. Bxg7 axb3 18. Rxd5 Rxa2 19. Qc3 Rc2 20. Qa1 Rxe2 21. Bh8 f6
22. Bxf6 Qd7 23. Qd1 Ra2 24. Rxc5 dxc5 25. Qxb3 Ra6 26. Ba1 h6 27. Ne5 Qe7 28.
f4 Rea8 29. Bb2 Rb6 30. Qc3 Kh7 31. Rd1 Rd6 32. Rd5 Be6 33. Rxd6 cxd6 34. Nf3
Qf7 35. Nd2 d5 36. cxd5 Bxd5 37. Qxc5 Bc6 38. Qd4 Rg8 39. Nc4 Qd5 40. Qxd5 Bxd5
41. Nb6 Bc6 42. Bd4 Rf8 43. g4 Rd8 44. Kf2 Be4 45. Ke2 Rd6 46. Na4 b5 47. Nc3
Bb7 48. Kd3 b4 49. Na4 Ba6+ 50. Kc2 Bc4 51. Nb2 Be6 52. h3 h5 53. Nd3 b3+ 54.
Kb2 Ra6 55. Nb4 Ra4 56. Bc3 h4 57. Be1 Bxg4 58. Kxb3 Bd1+ 59. Kc3 Bf3 60. Bxh4
Bg2 61. Be7 Bxh3 62. Kd4 Kg7 63. Ke5 Kf7 64. Bc5 Ra5 65. Kd4 Ke6 66. Nd3 Ra4+
67. Nb4 Bg2 68. Bf8 Ra8 69. Bc5 Rd8+ 70. Kc3 Kf5 71. Bd4 Ke4 72. Nd3 Rc8+ 73.
Kd2 Rc4 74. Ne5 Rc7 75. Nxg6 Kd5 76. f5 Be4 1/2-1/2

[Event "Indywidualne Mistrzostwa Polski do lat 20"]
[Site "Pokrzywna"]
[Date "1899-12-30"]
[Round "8.12"]
[White "Chyzy, Jakub"]
[Black "Dixa, Oskar"]
[Result "1-0"]
[WhiteTitle "FM"]
[BlackTitle "k"]
[WhiteElo "2250"]
[BlackElo "2087"]

1. e4 c5 2. Nf3 e6 3. d4 cxd4 4. Nxd4 Nf6 5. Bd3 Nc6 6. Nb3 d5 7. exd5 Nxd5 8.
O-O Be7 9. a3 O-O 10. c4 Nf6 11. Nc3 e5 12. Be3 Ng4 13. Bc5 f5 14. Bxe7 Qxe7 15.
Nd5 Qf7 16. Be2 Nf6 17. Nb4 Ne7 18. f4 e4 19. Nd4 Rd8 20. Qd2 Nc6 21. Nbxc6 bxc6
22. Qe3 Qc7 23. b4 a5 24. Nb3 axb4 25. axb4 Rb8 26. Ra7 Qd6 27. c5 Qe6 28. Qc3
Rd7 29. Nd4 Nd5 30. Qa1 Qf6 31. Rxd7 Bxd7 32. Bc4 Rxb4 33. Qa8+ Kf7 34. Nxc6 Bxc6
35. Bxd5+ Bxd5 36. Qxd5+ Qe6 37. Qd8 Qe7 38. Qc8 g6 39. Rd1 e3 40. Qh8 Ke6 41.
g4 Rxf4 42. Rd6+ Qxd6 43. cxd6 Rxg4+ 44. Kf1 Kxd6 45. Qxh7 f4 46. Qh8 Kd5 47.
Qc8 e2+ 48. Kxe2 Rg2+ 49. Kf3 Rxh2 50. Qg8+ Ke5 51. Qg7+ Kd5 52. Ke4+ 1-0

[Event "Indywidualne Mistrzostwa Polski do lat 20"]
[Site "Pokrzywna"]
[Date "1899-12-30"]
[Round "8.13"]
[White "Sowinski, Pawel"]
[Black "Suder, Jakub"]
[Result "1-0"]
[WhiteTitle "I++"]
[BlackTitle "k"]
[WhiteElo "1767"]
[BlackElo "2239"]

1. e4 c5 2. Nf3 Nc6 3. Bb5 Nf6 4. e5 Nd5 5. O-O g6 6. c3 Nc7 7. a4 Bg7 8. Re1 O-O
9. d3 b6 10. Nbd2 Bb7 11. Nc4 Rb8 12. h4 a6 13. Bxc6 Bxc6 14. h5 Ne6 15. Ng5 Qc7
16. hxg6 fxg6 17. Qg4 Nxg5 18. Bxg5 Rbe8 19. f4 Bd5 20. Ne3 Be6 21. Qh4 d5 22.
d4 c4 23. g4 Qd7 24. Re2 Kh8 25. Rf1 Bg8 26. f5 Bxe5 27. dxe5 d4 28. e6 Bxe6 29.
fxe6 Rxf1+ 30. Nxf1 Qd5 1-0

[Event "Indywidualne Mistrzostwa Polski do lat 20"]
[Site "Pokrzywna"]
[Date "1899-12-30"]
[Round "8.14"]
[White "Redzisz, Michal"]
[Black "Majek, Kacper"]
[Result "1-0"]
[WhiteTitle "k"]
[BlackTitle "I++"]
[WhiteElo "2212"]
[BlackElo "2057"]

1. d4 d5 2. c4 e6 3. cxd5 exd5 4. Nc3 Nf6 5. Bg5 c6 6. e3 Be7 7. Bd3 O-O 8. Qc2
Nbd7 9. Nge2 Re8 10. O-O h6 11. Bh4 Nh5 12. Bxe7 Qxe7 13. a3 a5 14. Rfe1 Ndf6
15. Ng3 Nxg3 16. hxg3 Ne4 17. Bxe4 dxe4 18. d5 Bg4 19. dxc6 bxc6 20. Rac1 Rad8
21. Ne2 Rd5 22. Qxc6 Rd2 23. Rc2 Rc8 24. Qxc8+ Bxc8 25. Rxd2 g5 26. Rc1 Ba6 27.
Rc6 Bxe2 28. Rxe2 Qd7 29. Rcc2 Qd1+ 30. Kh2 a4 31. Red2 Qe1 32. Rd4 Kg7 33. Rcc4
Qxf2 34. Rxe4 Qxb2 35. Rxa4 Qc2 36. Rad4 Kg6 37. Rd6+ Kh5 38. g4+ 1-0